Normal view
MARC view
Entry Topical Term
001 - CONTROL NUMBER
- control field: 818817
003 - CONTROL NUMBER IDENTIFIER
- control field: OSt
005 - DATE AND TIME OF LATEST TRANSACTION
- control field: 20250825163525.0
008 - FIXED-LENGTH DATA ELEMENTS
- fixed length control field: 250825|| aca||aabn | a|a d
040 ## - CATALOGING SOURCE
- Original cataloging agency: OSt
- Transcribing agency: OSt
150 ## - HEADING--TOPICAL TERM
- Topical term or geographic name entry element: ਪੰਜਾਬੀ ਕੋਸ਼
670 ## - SOURCE DATA FOUND
- Source citation: Work cat.: (OSt)295012: ਬੇਦੀ, ਹਰਚੰਦ ਸਿੰਘ 156315, ਪਰਵਾਸੀ ਪੰਜਾਬੀ ਸਾਹਿਤ, 2004
